[Event "SUI-ch U14"]
[Site "Biel"]
[Date "2022.07.20"]
[Round "6"]
[White "Delangle, Alexander"]
[Black "Gut, Lionel"]
[Result "0-1"]
[WhiteElo "1612"]
[BlackElo "1957"]
[PlyCount "102"]
[EventDate "2022.07.18"]
[EventType "swiss"]
[EventRounds "7"]
[EventCountry "SUI"]
[SourceTitle "EXT 2023"]
[Source "ChessBase"]
[SourceDate "2022.10.05"]
[SourceVersion "1"]
[SourceVersionDate "2022.10.05"]
[SourceQuality "1"]

1. e4 c5 2. Nf3 d6 3. c3 Nf6 4. h3 Nc6 5. Bd3 g6 6. Bc2 Bg7 7. 0-0 0-0 8. d4 Nd7 9. Be3 b6 10. Nbd2 Ba6 11. Re1 Rc8 12. a3 Qc7 13. Rc1 c4 14. Nf1 e5 15. Ng3 Ne7 16. Qd2 exd4 17. Nxd4 Ne5 18. Rcd1 Rfe8 19. Bh6 Rcd8 20. Bxg7 Kxg7 21. Qg5 Ng8 22. Nh5+ Kh8 23. f4 gxh5 24. fxe5 Rxe5 25. Nf5 f6 26. Qxh5 Bc8 27. Rf1 Qc5+ 28. Kh1 Bxf5 29. exf5 Rde8 30. Rd4 Re1 31. Rdf4 Qe3 32. Qg4 Rxf1+ 33. Rxf1 Qe2 34. Qxe2 Rxe2 35. Rc1 a6 36. b3 d5 37. bxc4 dxc4 38. a4 Ne7 39. g4 Nd5 40. Rd1 Nxc3 41. Rd8+ Kg7 42. Rd7+ Kf8 43. Rd8+ Ke7 44. Rh8 Rxc2 45. Rxh7+ Kd6 46. h4 Ne4 47. h5 c3 48. h6 Nf2+ 49. Kg1 Nxg4 50. Rd7+ Kxd7 51. h7 Rh2 0-1

[Event "SUI-ch U14"]
[Site "Biel"]
[Date "2022.07.20"]
[Round "5"]
[White "Delangle, Alexander"]
[Black "Guyer, Marlon1"]
[Result "1-0"]
[WhiteElo "1612"]
[BlackElo "1590"]
[PlyCount "51"]
[EventDate "2022.07.18"]
[EventType "swiss"]
[EventRounds "7"]
[EventCountry "SUI"]
[SourceTitle "EXT 2023"]
[Source "ChessBase"]
[SourceDate "2022.10.05"]
[SourceVersion "1"]
[SourceVersionDate "2022.10.05"]
[SourceQuality "1"]

1. e4 e5 2. Nf3 Nc6 3. Nc3 Nf6 4. d4 exd4 5. Nxd4 Bb4 6. Nxc6 bxc6 7. Bd3 0-0 8. 0-0 Re8 9. Re1 d5 10. exd5 cxd5 11. Bd2 Be6 12. a3 Bf8 13. h3 c5 14. Bg5 c4 15. Bf1 Bc5 16. Qf3 d4 17. Rad1 Be7 18. Ne4 Nxe4 19. Bxe7 Rxe7 20. Qxe4 Rd7 21. Rd2 Rb8 22. Red1 Rxb2 23. Rxd4 Rbb7 24. Qxb7 Rxd4 25. Rxd4 Qxd4 26. Qb8+ 1-0

[Event "SUI-ch U14"]
[Site "Biel"]
[Date "2022.07.19"]
[Round "3"]
[White "Delangle, Alexander"]
[Black "Gade, Niels Severin"]
[Result "1-0"]
[WhiteElo "1612"]
[BlackElo "1505"]
[PlyCount "96"]
[EventDate "2022.07.18"]
[EventType "swiss"]
[EventRounds "7"]
[EventCountry "SUI"]
[SourceTitle "EXT 2023"]
[Source "ChessBase"]
[SourceDate "2022.10.05"]
[SourceVersion "1"]
[SourceVersionDate "2022.10.05"]
[SourceQuality "1"]

1. e4 c5 2. Nf3 d6 3. c3 e5 4. Bd3 Nf6 5. Bc2 Bg4 6. h3 Bxf3 7. Qxf3 Nc6 8. d3 Qb6 9. Nd2 Qa6 10. 0-0 Be7 11. Bb3 b5 12. Bd5 0-0 13. Nb3 Rac8 14. Be3 Rc7 15. Rfd1 Rfc8 16. a3 Qb6 17. Nd2 Qb7 18. Rab1 Bd8 19. c4 Nxd5 20. exd5 Nd4 21. Bxd4 cxd4 22. Ne4 Be7 23. c5 Qxd5 24. Nf6+ Bxf6 25. Qxd5 Rxc5 26. Qxd6 h6 27. Qa6 Bg5 28. b4 R8c6 29. Qb7 Rc2 30. Qb8+ Kh7 31. Qxe5 Rf6 32. Rf1 Bf4 33. Qxd4 Bc7 34. Rbc1 Rxc1 35. Rxc1 Bb6 36. Qe4+ g6 37. Rc2 Re6 38. Qf3 Kg7 39. Re2 Rf6 40. Qg3 Rc6 41. Re7 g5 42. h4 Bd4 43. hxg5 hxg5 44. Qxg5+ Kf8 45. Rxf7+ Kxf7 46. Qd5+ Re6 47. Qxd4 a6 48. g3 Ke8 1-0

[Event "SUI-ch U14"]
[Site "Biel"]
[Date "2022.07.18"]
[Round "2"]
[White "Stoll, Arturo"]
[Black "Delangle, Alexander"]
[Result "1-0"]
[WhiteElo "1434"]
[BlackElo "1612"]
[PlyCount "171"]
[EventDate "2022.07.18"]
[EventType "swiss"]
[EventRounds "7"]
[EventCountry "SUI"]
[SourceTitle "EXT 2023"]
[Source "ChessBase"]
[SourceDate "2022.10.05"]
[SourceVersion "1"]
[SourceVersionDate "2022.10.05"]
[SourceQuality "1"]

1. e4 e5 2. Nf3 Nc6 3. Bc4 Bc5 4. b4 Bxb4 5. c3 Ba5 6. d4 d6 7. Qb3 Qd7 8. 0-0 Bb6 9. Bb5 exd4 10. cxd4 a6 11. Ba4 Ba7 12. d5 b5 13. dxc6 Qxc6 14. Qc2 Bb7 15. Qxc6+ Bxc6 16. Bc2 Nf6 17. Nbd2 0-0 18. Bb2 Nd7 19. Bd4 Nc5 20. Bxc5 Bxc5 21. a4 Rfe8 22. Rfc1 Re7 23. e5 Rae8 24. Ne4 Bxe4 25. Bxe4 b4 26. Bd3 a5 27. Bb5 Rb8 28. exd6 cxd6 29. Re1 Kf8 30. Rxe7 Kxe7 31. Nd2 d5 32. Nb3 Bb6 33. Kf1 Rc8 34. Rc1 Rc3 35. Rxc3 bxc3 36. Bd3 h6 37. Ke2 Kd6 38. Bc2 d4 39. Kd3 Kd5 40. Bd1 g5 41. g4 Ke5 42. h3 f6 43. Kc4 Ke4 44. Bc2+ Kf3 45. Nxd4+ Kg2 46. Nf5 Bxf2 47. Kxc3 Kxh3 48. Nxh6 Kg3 49. Bf5 Kf4 50. Kc4 Bb6 51. Kd5 Ke3 52. Ke6 Bd8 53. Ng8 Kf3 54. Nxf6 Kf4 55. Ne8 Kg3 56. Nd6 Bb6 57. Kf6 Kf4 58. Nf7 Bc7 59. Bd7 Bb6 60. Kg6 Be3 61. Nxg5 Bc1 62. Nh7 Ke5 63. g5 Kd6 64. Bb5 Ke7 65. Kg7 Bb2+ 66. Kg8 Ba1 67. g6 Bb2 68. g7 Ba1 69. Nf8 Kd6 70. Kf7 Bxg7 71. Kxg7 Kc5 72. Kf6 Kb6 73. Nd7+ Kb7 74. Ke7 Ka7 75. Kd6 Kb7 76. Bc6+ Kc8 77. Bd5 Kd8 78. Bf7 Kc8 79. Ne5 Kb7 80. Nc6 Kb6 81. Be6 Ka6 82. Bc8+ Kb6 83. Nd4 Ka7 84. Kc7 Ka8 85. Bb7+ Ka7 86. Nc6# 1-0